banner-ar

كتاب طراز الحلة وشفاء الغلة: شرح الحلةالسيرا فى مدح خيرالورى / (Record no. 49352)

MARC details
000 -الفاتح
حقل البيانات ثابتة الطول 00699nam a2200181Ia 4500
008 - عناصر البيانات ثابتة الطول - معلومات عامة
حقل البيانات ثابتة الطول 140319s9999 xx 000 0 ara d
040 ## - مصدر الفهرسة
وكالة الفهرسة الأصلية GCL /
وكالة النسخ GCL
082 04 - رقم تصنيف ديوى العشرى
رقم التصنيف 414.5
رقم المادة ا ك
100 1# - المدخل الرئيسى - إسم شخصى
الإسم الشخصى الغرناطى, ابى جعفر شهاب الدين
245 10 - بيان العنوان
العنوان كتاب طراز الحلة وشفاء الغلة: شرح الحلةالسيرا فى مدح خيرالورى /
بيان المسئوليه,etc الغرناطى, ابى جعفر شهاب الدين
300 ## - الوصف المادى
التعداد 713 ص
490 ## - بيان السلسلة
عنوان السلسلة كتب البلاغة والادب والنقد
رقم المجلد/ التعيين التسلسلي 0
650 04 - المدخل الاضافى بالموضوع-مصطلح موضوعى
مصطلح موضوعي اللغة العربية
650 04 - المدخل الاضافى بالموضوع-مصطلح موضوعى
مصطلح موضوعي البلاغة العربية
650 04 - المدخل الاضافى بالموضوع-مصطلح موضوعى
مصطلح موضوعي البلاغة العربية - البديع
942 ## - عناصر المدخل الإضافي( كوها)
مصدر التصنيف او مخطط الترفيف Dewey Decimal Classification
Koha [default] item type كتاب
Holdings
حالة التراجع حالة الفقد حالة تلف ليس للاعارة المكان المؤقت الموقع الحالى تاريخ الاكتساب اجمالي اﻻعارات رقم الطلب الباركود تاريخ اخر مشاهدة تاريخ تفعيل السعر نوع وعاء كوها
        مكتبة القاهرة الكبرى مكتبة القاهرة الكبرى 03/26/2014   414.5\ا ك 118613 03/26/2014 03/26/2014 كتاب
        مكتبة القاهرة الكبرى مكتبة القاهرة الكبرى 03/26/2014   414.5\ا ك 118614 03/26/2014 03/26/2014 كتاب

Powered By

EGPV